01080nam a2200253Ia 450000500170000000800390001702000150005604000830007104100080015410000250016224000410018724501360022826000800036430000230044449000510046750400530051865000150057165000230058665000270060965000160063665000270065270000340067985601130071320211110133317.0130924s2002 xxu frn 1 eng a0520214080 aCo-BoUCMbspacAngélica Rojas (modificó)dAldemar Mondragón (modificó)00aeng1 aForst, Rainerd1964-10aKontexte der Gerechtigkeit.lEnglish10aContexts of justice political philosophy beyond liberalism and communitarianismcRainer Forst ; traducción por John M.M. Farrell aBerkeley (California, Estados Unidos)bUniversity of California Pressc2002 axii, 346 páginas0 aPhilosophy, Social Theory, and the Rule of Law aIncluye referencias bibliográficas e índices 7aDemocracia 7aÉtica política 7aFilosofía política 7aFilosofía 7aJusticia (Filosofía)1 aFarrell, John M.M.etraductor41zConsulte las tablas de contenido haciendo clic aquíuhttp://www.loc.gov/catdir/toc/ucal041/2001002084.html